00408 2200169 4500245003100000020002200031250001100053100001900064700001900083650001600102005001900118260004000137041001400177084001100191300002700202336000900229 aAsihcRisa SaraswatihText a978-602-220-236-3 aCet. 1 aRisa Saraswati aMaria M. Lubis aNovel Horor a20240131075948 aJakartabBukune Kreatif Ciptac2017 aIndonesia a808.83 aiv, 188 hlm. :c20 cm. atext